000 00734nam a2200229Ia 4500
003 GCL
008 140319s9999 xx 000 0 ara d
040 _aGCL /
_cGCL
082 0 4 _aع
_b671.84
_bس خ
100 1 _aسعيد عبدالغفار
245 1 0 _aخبث الافران العالية والصلب /
_cسعيد عبدالغفار
700 1 _aحسين فتحى بيومى
700 1 _aمصطفى خليل
260 _a[S.N] :
_bالهيئة المصرية العامة للكتاب ،
_c1979
300 _a207 ص
490 _aالمكتبة التكنولوجية
_v0
650 0 4 _aالصلب
650 0 4 _aتحليل
650 0 4 _aالمعالجة الحرارية
650 0 4 _aتعدين
942 _2ddc
_cBK
999 _c30584
_d30584